000 00962nam a22003135 4500
001 153248
003 ES-MaBCM
005 20241016185654.0
008 071108s2007 mex spa d
020 _a970-633-330-4
021 _axx
035 _a(OCoLC)645217178
040 _cES-MaBCM
080 _a343.35
080 _a32:17
080 _a343.35:33
245 0 3 _aLa corrupcion
_cVirgilio Zapatero, compilador
250 _a1ª ed
260 _aMéxico :
_bCoyoacán,
_c2007
300 _a189 p. ;
_c21 cm
490 0 _aFilosofía y cultura contemporánea ;
_9111215
_v29
500 _aReúne las contribuciones del Seminario que se llevó a cabo en la Facultad de Derecho de la Universidad de Alcalá
650 2 7 _aCorrupción
_958157
650 2 7 _aMoralidad de la clase política
_959478
650 2 7 _aMoral administrativa
_959477
650 2 7 _aAnálisis económico
_957538
700 1 _aZapatero, Virgilio
_950083
942 _cBK
999 _c153248
_d153248